[Event "Pavlodar op"]
[Site "Pavlodar"]
[Date "2013.12.16"]
[Round "7"]
[White "Grebenschikov, Vladimir"]
[Black "Arunov, Nurtas"]
[Result "0-1"]
[WhiteElo "2219"]
[BlackElo "1896"]
[PlyCount "72"]
[EventDate "2013.12.10"]
[EventType "swiss"]
[EventRounds "10"]
[EventCountry "KAZ"]
[SourceTitle "CBM 158 Extra"]
[Source "ChessBase"]
[SourceDate "2014.02.28"]
[SourceVersion "1"]
[SourceVersionDate "2014.02.28"]
[SourceQuality "1"]

1. d4 g6 2. c4 Bg7 3. Nc3 Nf6 4. e4 d6 5. f3 0-0 6. Bg5 c5 7. d5 h6 8. Be3 a6 9. Qd2 Kh7 10. a4 a5 11. Bd3 Na6 12. Nge2 Nb4 13. Bb1 b6 14. 0-0 e6 15. Kh1 exd5 16. cxd5 Ba6 17. Re1 Nd7 18. f4 c4 19. Ra3 Nc5 20. Nc1 Rc8 21. Bxc5 bxc5 22. e5 Re8 23. Be4 dxe5 24. f5 Qb6 25. fxg6+ fxg6 26. Nb5 Rcd8 27. Rg3 Re6 28. Nc3 Bb7 29. Rd1 Rf6 30. h4 Bxd5 31. Nxd5 Nxd5 32. Bxg6+ Kh8 33. Qe1 Nf4 34. Rxd8+ Qxd8 35. Be4 Qe8 36. Rc3 Qd8 0-1